Tilastot visalle Oulun kaupungin suuralueet

Klikkaa tästä pelataksesi tätä visaa!

Yleistilastot

  • Tätä visaa on pelattu 137 kertaa
  • Keskiarvotulos 11 / 23

Vastaustilastot

Alueen kaupunginosiaSuuralue% Oikein
Intiö, RaksilaKeskusta
72%
Huttukylä, AlakyläKiiminki
71%
Martinniemi, JokikyläHaukipudas
68%
Metsokangas, KiviniemiKaakkuri
66%
Pikisaari, HietasaariTuira
61%
Rajakylä, HerukkaPateniemi
59%
Välikylä, JäälinkyläJääli
54%
Vesala, VepsäYlikiiminki
54%
Kylänpuoli, SalonpääOulunsalo
53%
HiironenKaukovainio
51%
Jakkukylä, PahkalaYli-Ii
51%
Karjasilta, LintulaHöyhtyä
49%
Iinatti, HeikkilänkangasMaikkula
48%
Kontinkangas, VärttöOulunsuu
44%
Laanila, HinttaMyllyoja
41%
Sanginjoki, LapinkangasSanginsuu
41%
Haukkasuo, SaarelaHiukkavaara
40%
Linnanmaa, RitaharjuKaijonharju
40%
KalimenkyläKello
40%
Toppila, AlppilaKoskela
40%
Välivainio, IskoPuolivälinkangas
39%
Rusko, TalvikangasKorvensuora
33%
Limingantulli, ÄimärautioNuottasaari
29%

Tulosjakauma

Persentiili vastausten määrän mukaan

Jokaisen tuloksen saaneiden osuus

Tuloshistoriasi

Et ole pelannut tätä visaa